NPB 2010年~2024年 ベストナイン - Statistics

General Stats
  • This quiz has been taken 232 times
  • The average score is 212 of 285
Answer Stats
ヒント Answer 所属球団 % Correct
捕手 森友哉 西武
95%
捕手 森友哉 西武
95%
捕手 森友哉 西武
95%
捕手 森友哉 オリックス
95%
遊撃手 坂本勇人 読売
92%
遊撃手 坂本勇人 読売
92%
遊撃手 坂本勇人 読売
92%
遊撃手 坂本勇人 読売
92%
遊撃手 坂本勇人 読売
92%
遊撃手 坂本勇人 読売
92%
三塁手 中村剛也 西武
91%
三塁手 中村剛也 西武
91%
2014年セリーグ 投手 菅野智之 読売
91%
柳田悠岐 ソフトバンク
91%
指名打者 中村剛也 西武
91%
捕手 中村悠平 ヤクルト
91%
三塁手 中村剛也 西武
91%
柳田悠岐 ソフトバンク
91%
2017年セリーグ 投手 菅野智之 読売
91%
捕手 甲斐拓也 ソフトバンク
91%
外野手 柳田悠岐 ソフトバンク
91%
2018年セリーグ 投手 菅野智之 読売
91%
外野手 柳田悠岐 ソフトバンク
91%
三塁手 中村剛也 西武
91%
2020年セリーグ 投手 菅野智之 読売
91%
一塁手 村上宗隆 ヤクルト
91%
捕手 甲斐拓也 ソフトバンク
91%
外野手 柳田悠岐 ソフトバンク
91%
2021年セリーグ 投手 柳裕也 中日
91%
捕手 中村悠平 ヤクルト
91%
三塁手 村上宗隆 ヤクルト
91%
2021年パリーグ 投手 山本由伸 オリックス
91%
二塁手 中村奨吾 ロッテ
91%
柳田悠岐 ソフトバンク
91%
捕手 中村悠平 ヤクルト
91%
三塁手 村上宗隆 ヤクルト
91%
2022年パリーグ 投手 山本由伸 オリックス
91%
捕手 甲斐拓也 ソフトバンク
91%
柳田悠岐 ソフトバンク
91%
2023年パリーグ 投手 山本由伸 オリックス
91%
柳田悠岐 ソフトバンク
91%
2024年セリーグ 投手 菅野智之 読売
91%
捕手 山本祐大 横浜
91%
三塁手 村上宗隆 ヤクルト
91%
一塁手 山川穂高 西武
90%
一塁手 山川穂高 西武
90%
二塁手 牧秀悟 横浜
90%
一塁手 山川穂高 西武
90%
二塁手 牧秀悟 横浜
90%
一塁手 山川穂高 ソフトバンク
90%
丸佳浩 広島
89%
丸佳浩 広島
89%
外野手 丸佳浩 広島
89%
外野手 丸佳浩 広島
89%
丸佳浩 読売
89%
三塁手 岡本和真 読売
89%
丸佳浩 読売
89%
一塁手 岡本和真 読売
89%
一塁手 浅村栄斗 楽天
88%
外野手 鈴木誠也 広島
88%
二塁手 浅村栄斗 西武
88%
鈴木誠也 広島
88%
二塁手 浅村栄斗 西武
88%
鈴木誠也 広島
88%
二塁手 浅村栄斗 西武
88%
外野手 鈴木誠也 広島
88%
二塁手 浅村栄斗 楽天
88%
鈴木誠也 広島
88%
二塁手 浅村 栄斗 楽天
88%
外野手 鈴木誠也 広島
88%
二塁手 浅村栄斗 楽天
88%
二塁手 浅村栄斗 楽天
88%
2010年 セリーグ 投手 前田健太 広島
87%
捕手 阿部慎之助 読売
87%
二塁手 田中賢介 日本ハム
87%
捕手 阿部慎之助 読売
87%
2011年パリーグ 投手 田中将大 楽天
87%
捕手 阿部慎之助 読売
87%
二塁手 田中賢介 日本ハム
87%
2013年セリーグ 投手 前田健太 広島
87%
捕手 阿部慎之助 読売
87%
2013年パリーグ 投手 田中将大 楽天
87%
遊撃手 鈴木大地 ロッテ
87%
捕手 阿部慎之助 読売
87%
遊撃手 今宮健太 ソフトバンク
87%
2015年セリーグ 投手 前田健太 広島
87%
二塁手 田中賢介 日本ハム
87%
外野手 秋山翔吾 西武
87%
遊撃手 鈴木大地 ロッテ
87%
遊撃手 田中広輔 広島
87%
遊撃手 今宮健太 ソフトバンク
87%
秋山翔吾 西武
87%
秋山翔吾 西武
87%
外野手 秋山翔吾 西武
87%
三塁手 鈴木大地 楽天
87%
遊撃手 今宮健太 ソフトバンク
87%
捕手 佐藤都志也 ロッテ
87%
遊撃手 今宮健太 ソフトバンク
87%
捕手 嶋 基宏 楽天
86%
二塁手 田中浩康 ヤクルト
86%
捕手 嶋 基宏 楽天
86%
二塁手 山田哲人 ヤクルト
86%
二塁手 山田哲人 ヤクルト
86%
二塁手 山田哲人 ヤクルト
86%
二塁手 山田哲人 ヤクルト
86%
指名打者 近藤健介 日本ハム
86%
二塁手 山田哲人 ヤクルト
86%
近藤健介 日本ハム
86%
二塁手 山田哲人 ヤクルト
86%
指名打者 近藤健介 日本ハム
86%
外野手 近藤健介 ソフトバンク
86%
二塁手 吉川尚輝 読売
86%
近藤健介 ソフトバンク
86%
2012年パリーグ 投手 吉川光夫 日本ハム
85%
近本光司 阪神
85%
外野手 近本光司 阪神
85%
外野手 近本光司 阪神
85%
近本光司 阪神
85%
遊撃手 源田壮亮 西武
84%
遊撃手 源田壮亮 西武
84%
遊撃手 源田壮亮 西武
84%
遊撃手 源田壮亮 西武
84%
捕手 細川亨 ソフトバンク
83%
2015年パリーグ 投手 大谷翔平 日本ハム
83%
2016年パリーグ 投手 大谷翔平 日本ハム
83%
指名打者 大谷翔平 日本ハム
83%
二塁手 菊池涼介 広島
83%
2017年パリーグ 投手 菊池雄星 西武
83%
2018年パリーグ 投手 菊池雄星 西武
83%
二塁手 菊池涼介 広島
83%
一塁手 大山悠輔 阪神
83%
細川成也 中日
83%
三塁手 宗佑磨 オリックス
82%
三塁手 宗佑磨 オリックス
82%
三塁手 宗佑磨 オリックス
82%
外野手 サンタナ ヤクルト
82%
遊撃手 鳥谷敬 阪神
81%
遊撃手 鳥谷敬 阪神
81%
遊撃手 鳥谷敬 阪神
81%
遊撃手 鳥谷敬 阪神
81%
遊撃手 鳥谷敬 阪神
81%
一塁手 オスナ ヤクルト
81%
指名打者 レイエス 日本ハム
81%
中田翔 日本ハム
80%
中田翔 日本ハム
80%
一塁手 中田翔 日本ハム
80%
一塁手 中田翔 日本ハム
80%
三塁手 宮﨑敏郎 横浜
80%
三塁手 宮﨑敏郎 横浜
80%
捕手 大城卓三 読売
80%
一塁手 中田翔 日本ハム
80%
岡林勇希 中日
80%
捕手 大城卓三 読売
80%
三塁手 宮﨑敏郎 横浜
80%
岡林勇希 中日
80%
外野手 辰己涼介 楽天
80%
三塁手 栗原陵矢 ソフトバンク
79%
一塁手 栗原健太 広島
78%
遊撃手 中野拓夢 阪神
77%
2024年パリーグ 投手 有原航平 ソフトバンク
77%
遊撃手 木浪聖也 阪神
76%
万波中正 日本ハム
76%
指名打者 ポランコ ロッテ
76%
遊撃手 長岡秀樹 ヤクルト
76%
2023年セリーグ 投手 東克樹 横浜
75%
捕手 會澤翼 広島
74%
捕手 會澤翼 広島
74%
捕手 會澤翼 広島
74%
外野手 杉本裕太郎 オリックス
74%
遊撃手 紅林弘太朗 オリックス
74%
2019年パリーグ 投手 千賀滉大 ソフトバンク
73%
2020年パリーグ 投手 千賀滉大 ソフトバンク
73%
西川遥輝 日本ハム
72%
西川遥輝 日本ハム
72%
ソト 横浜
72%
ソト 横浜
72%
西川龍馬 広島
72%
一塁手 頓宮裕真 オリックス
72%
二塁手 小深田大翔 楽天
72%
周東佑京 ソフトバンク
72%
青木宣親 ヤクルト
71%
青木宣親 ヤクルト
71%
三塁手 高橋周平 中日
71%
外野手 佐野恵太 横浜
71%
佐野恵太 横浜
71%
和田一浩 中日
69%
2010年パリーグ 投手 和田毅 ソフトバンク
69%
三塁手 松田宣浩 ソフトバンク
69%
バレンティン ヤクルト
68%
外野手 バレンティン ヤクルト
68%
外野手 筒香 嘉智 横浜
68%
一塁手 新井貴浩 広島
68%
筒香嘉智 横浜
68%
筒香 嘉智 横浜
68%
吉田正尚 オリックス
68%
吉田正尚 オリックス
68%
吉田正尚 オリックス
68%
吉田正尚 オリックス
68%
指名打者 吉田正尚 オリックス
68%
2014年パリーグ 投手 金子千尋 オリックス
67%
外野手 マートン 阪神
65%
マートン 阪神
65%
マートン 阪神
65%
外野手 マートン 阪神
65%
一塁手 ビシエド 中日
64%
一塁手 ビシエド 中日
64%
塩見泰隆 ヤクルト
64%
2022年セリーグ 投手 青柳晃洋 阪神
64%
外野手 糸井嘉男 日本ハム
63%
一塁手 ブランコ 中日
63%
大島洋平 中日
63%
外野手 糸井嘉男 日本ハム
63%
一塁手 ブランコ 横浜
63%
外野手 糸井嘉男 オリックス
63%
糸井嘉男 オリックス
63%
三塁手 レアード 日本ハム
62%
一塁手 レアード ロッテ
62%
栗山 巧 西武
61%
栗山巧 西武
61%
三塁手 村田修一 読売
61%
三塁手 村田修一 読売
61%
捕手 炭谷銀仁朗 西武
61%
三塁手 村田修一 読売
61%
指名打者 デスパイネ ソフトバンク
61%
指名打者 デスパイネ ソフトバンク
61%
指名打者 栗山巧 西武
61%
外野手 松本剛 日本ハム
61%
角中勝也 ロッテ
60%
捕手 伊藤光 オリックス
60%
三塁手 川端慎吾 ヤクルト
60%
外野手 角中勝也 ロッテ
60%
一塁手 ロペス 横浜
59%
遊撃手 西岡剛 ロッテ
58%
遊撃手 中島裕之 西武
58%
遊撃手 中島宏之 西武
58%
二塁手 西岡剛 阪神
58%
荻野貴司 ロッテ
58%
外野手 長野久義 読売
57%
内川聖一 ソフトバンク
57%
外野手 長野久義 読売
57%
内川聖一 ソフトバンク
57%
長野久義 読売
57%
内川聖一 ソフトバンク
57%
二塁手 平野恵一 阪神
56%
二塁手 平野恵一 阪神
56%
捕手 石原 慶幸 広島
56%
2011年セリーグ 投手 吉見一起 中日
55%
2012年セリーグ 投手 内海哲也 読売
55%
一塁手 ブラゼル 阪神
54%
二塁手 藤田一也 楽天
54%
二塁手 藤田一也 楽天
54%
遊撃手 中島卓也 日本ハム
54%
2016年セリーグ 投手 野村祐輔 広島
54%
三塁手 森野将彦 中日
53%
外野手 多村 仁志 ソフトバンク
53%
捕手 田村龍弘 ロッテ
53%
一塁手 畠山和洋 ヤクルト
52%
捕手 鶴岡慎也 日本ハム
51%
三塁手 銀次 楽天
51%
福留孝介 阪神
51%
一塁手 銀次 楽天
51%
2019年セリーグ 投手 山口俊 読売
51%
島内宏明 楽天
51%
三塁手 マギー 楽天
50%
一塁手 マルテ 阪神
50%
二塁手 本多雄一 ソフトバンク
46%
外野手 長谷川勇也 ソフトバンク
46%
一塁手 メヒア 西武
46%
三塁手 宮本慎也 ヤクルト
45%
三塁手 ルナ 中日
43%
一塁手 李大浩 オリックス
42%
指名打者 李大浩 ソフトバンク
42%
三塁手 小谷野栄一 日本ハム
40%
一塁手 ゴメス 阪神
39%
一塁手 A.カブレラ オリックス
37%
平田良介 中日
37%
指名打者 アブレイユ 日本ハム
36%
指名打者 福浦和也 ロッテ
34%
清田育宏 ロッテ
34%
一塁手 小久保裕紀 ソフトバンク
33%
三塁手 ウィーラー 楽天
32%
雄平 ヤクルト
28%
指名打者 ペーニャ ソフトバンク
23%
指名打者 フェルナンデス 西武
17%
T-岡田 オリックス
13%
No matching quizzes found
Score Distribution
Percent of People with Each Score
Percentile by Number Answered
Your Score History
You have not taken this quiz